00645 2200241 4500001002100000005001700021008004100038035002400079082001000103090001700113100001600130245006100146250001000207260003700217300002500254500003000279650003400309850001200343980001500355985000600370986001200376999001500388YOGYA-0209000001708520090227022723.0 ind  0010-020900000017085 a616.1 a616.1bBud D aBUDIWARSONO aDiagnostik dan pengobatan penyakit jantungcBoediwarsono aCet.1 aSurabayabBina Indra Karyac1984 a125 hlmbilusc19 cm aBibliografi : hlm.122-125 aKedokteran - Penyakit Jantung aYOPDDIB a12-22-2005 a1 aMrRTREV aP000027378